NBA Scoring Leaders 2018-19 - Statistics

General Stats
  • This quiz has been taken 53 times
  • The average score is 48 of 100
Answer Stats
Total Points Player PPG % Correct
2818 James Harden 36.1
100%
1881 Stephen Curry 27.3
98%
2027 Kevin Durant 26.0
95%
1505 LeBron James 27.4
95%
1994 Giannis Antetokounmpo 27.7
93%
1596 Kawhi Leonard 26.6
90%
1675 Russell Westbrook 22.9
88%
1680 Klay Thompson 21.5
85%
1596 Kyrie Irving 23.8
85%
2067 Damian Lillard 25.8
83%
1452 Anthony Davis 25.9
80%
1761 Joel Embiid 27.5
80%
1841 Blake Griffin 24.5
78%
1635 DeMar DeRozan 21.2
76%
1526 Luka Doncic 21.2
76%
2159 Paul George 28.0
76%
1337 Ben Simmons 16.9
68%
2099 Bradley Beal 25.6
68%
1468 CJ McCollum 21.0
68%
946 Jeff Green 12.3
68%
2102 Kemba Walker 25.6
68%
926 Kyle Lowry 14.2
68%
1024 Thaddeus Young 12.6
68%
1549 Trae Young 19.1
68%
1243 Jayson Tatum 15.7
66%
1215 Jimmy Butler 18.7
66%
1604 Nikola Jokic 20.1
66%
1700 Devin Booker 26.6
63%
1829 Donovan Mitchell 23.8
63%
1041 Joe Harris 13.7
63%
1880 Karl-Anthony Towns 24.4
63%
1727 LaMarcus Aldridge 21.3
63%
1498 Lou Williams 20.0
63%
1071 Marc Gasol 13.6
63%
1644 Tobias Harris 20.0
63%
1712 D'Angelo Russell 21.1
61%
1492 Zach LaVine 23.7
61%
1370 Andre Drummond 17.3
59%
1407 Khris Middleton 18.3
59%
1367 Jamal Murray 18.2
56%
1420 Jrue Holiday 21.2
56%
1246 Aaron Gordon 16.0
54%
1114 Clint Capela 16.6
54%
1103 Eric Gordon 16.2
54%
964 Jaylen Brown 13.0
54%
1284 Rudy Gobert 15.9
54%
917 Derrick Rose 18.0
51%
1321 Andrew Wiggins 18.1
49%
1009 Brook Lopez 12.5
49%
925 Al Horford 13.6
46%
1399 De'Aaron Fox 17.3
46%
1354 Pascal Siakam 16.9
46%
950 Brandon Ingram 18.3
44%
1083 Dwyane Wade 15.0
44%
1308 Kyle Kuzma 18.7
44%
984 Myles Turner 13.3
44%
1665 Nikola Vucevic 20.8
44%
1108 Steven Adams 13.9
44%
1043 Domantas Sabonis 14.1
41%
1695 Buddy Hield 20.7
39%
1241 Eric Bledsoe 15.9
39%
1565 Julius Randle 21.4
39%
1478 Mike Conley 21.1
39%
990 Bogdan Bogdanovic 14.1
37%
1454 Bojan Bogdanovic 18.0
37%
1346 Danilo Gallinari 19.8
37%
1159 Deandre Ayton 16.3
37%
1125 Jusuf Nurkic 15.6
37%
1260 Reggie Jackson 15.4
37%
1361 Montrezl Harrell 16.6
34%
974 Lauri Markkanen 18.7
32%
1001 Malcolm Brogdon 15.6
32%
1112 Serge Ibaka 15.0
32%
1371 Colin Sexton 16.7
29%
1226 Evan Fournier 15.1
29%
1372 J.J. Redick 18.1
29%
994 Joe Ingles 12.1
29%
1046 Marcus Morris 13.9
29%
1188 John Collins 19.5
27%
923 Marvin Bagley 14.9
27%
1143 Spencer Dinwiddie 16.8
27%
1364 Jordan Clarkson 16.8
22%
1209 Josh Richardson 16.6
22%
1174 Tim Hardaway Jr 18.1
20%
948 D.J. Augustin 11.7
17%
1265 Harrison Barnes 16.4
17%
946 Rudy Gay 13.7
17%
930 Jabari Parker 14.5
15%
938 Kentavious Caldwell-Pope 11.4
15%
1224 Dennis Schroder 15.5
12%
951 Jae Crowder 11.9
12%
1090 Jerami Grant 13.6
12%
1208 Jeremy Lamb 15.3
12%
1074 Kelly Oubre 15.2
12%
991 Cedi Osman 13.0
10%
917 Malik Beasley 11.3
10%
1223 Terrence Ross 15.1
10%
965 Willie Cauley-Stein 11.9
10%
967 Bryn Forbes 11.8
7%
963 Kevin Knox 12.8
7%
No matching quizzes found
Score Distribution
Percent of People with Each Score
Percentile by Number Answered
Your Score History
You have not taken this quiz